| 000 | 00616nam a2200133Ia 4500 | ||
|---|---|---|---|
| 008 | 220615s9999||||xx |||||||||||||| ||und|| | ||
| 100 | _aMaarif, Ahmad Syafii | ||
| 245 | 0 |
_aIslam, Humanity and the Indonesian Identity _bReflections on History |
|
| 546 | _aEnglish[eng] | ||
| 650 | _aIslam||Indonesia||Humanity||Democracy||Religion | ||
| 700 | _aFowler, George A. | ||
| 856 | _uhttps://library.oapen.org/bitstream/20.500.12657/27536/1/9789087283018.pdf||https://library.oapen.org/bitstream/20.500.12657/27536/1/9789087283018.pdf||https://library.oapen.org/bitstream/20.500.12657/27536/1/9789087283018.pdf | ||
| 942 | _cEB | ||
| 999 |
_c9293 _d9293 |
||